Champions NFL depuis 1980 - Statistiques

Statistiques générales
  • Ce quiz a été pris 410 fois
  • Le résultat moyen est 34 sur 45
Statistiques - réponses
Hint Réponse % Correct
2019 Chiefs de Kansas City
98%
2022 Chiefs de Kansas City
98%
2023 Chiefs de Kansas City
98%
2001 Patriots de la Nouvelle-Angleterre
96%
2003 Patriots de la Nouvelle-Angleterre
96%
2004 Patriots de la Nouvelle-Angleterre
96%
2014 Patriots de la Nouvelle-Angleterre
96%
2016 Patriots de la Nouvelle-Angleterre
96%
2018 Patriots de la Nouvelle-Angleterre
96%
2017 Eagles de Philadelphie
94%
2024 Eagles de Philadelphie
94%
2021 Rams de Los Angeles
91%
1999 Rams de Saint-Louis
90%
2020 Buccaneers de Tampa Bay
85%
1981 49ers de San Francisco
82%
1984 49ers de San Francisco
82%
1988 49ers de San Francisco
82%
1989 49ers de San Francisco
82%
1994 49ers de San Francisco
82%
1997 Broncos de Denver
81%
1998 Broncos de Denver
81%
2015 Broncos de Denver
81%
1986 Giants de New York
81%
1990 Giants de New York
81%
2007 Giants de New York
81%
2011 Giants de New York
81%
2013 Seahawks de Seattle
78%
1992 Cowboys de Dallas
74%
1993 Cowboys de Dallas
74%
1995 Cowboys de Dallas
74%
2000 Ravens de Baltimore
74%
2012 Ravens de Baltimore
74%
1996 Packers de Green Bay
73%
2010 Packers de Green Bay
73%
2005 Steelers de Pittsburgh
71%
2008 Steelers de Pittsburgh
71%
2009 Saints de La Nouvelle-Orléans
69%
2002 Buccaneers de Tampa Bay
65%
2006 Colts d'Indianapolis
64%
1985 Bears de Chicago
61%
1982 Redskins de Washington
43%
1987 Redskins de Washington
43%
1991 Redskins de Washington
43%
1983 Raiders de Los Angeles
8%
1980 Raiders d'Oakland
5%
Aucun quiz correspondant
Distribution des résultats
% des personnes avec chaque résultat
Percentile par nombre de réponses
Votre historique - résultats
Vous n’avez pas pris ce quiz